Loading...
| History - World | 0 | 7 | 1 | 0 | 65 | 16 | 41.14 | 2 | 5 | 30.86 | 39.15 |
| History - European | 0 | 6 | 1 | 1 | 55 | 14 | 46.17 | 3 | 5 | 23.95 | 34.80 |
| History - Other | 0 | 6 | 2 | 1 | 50 | 14 | 57.50 | 3 | 4 | 19.86 | 29.26 |
| Religion | 0 | 5 | 1 | 0 | 45 | 13 | 40.40 | 1 | 4 | 23.46 | 31.00 |
| Current Events | 0 | 3 | 0 | 1 | 30 | 77 | 87.67 | 1 | 2 | 7.90 | 30.95 |
| Social Science | 0 | 2 | 0 | 1 | 20 | 67 | 88.50 | 0 | 0 | 2.72 | 5.00 |
| Mythology | 0 | 2 | 0 | 0 | 20 | 39 | 48.50 | 1 | 2 | 8.00 | 13.69 |
| Philosophy | 0 | 1 | 0 | 0 | 10 | 48 | 48.00 | 0 | 1 | 4.94 | 7.58 |
| Fine Arts - Painting and Sculpture | 0 | 1 | 0 | 0 | 10 | 81 | 81.00 | 0 | 1 | 2.24 | 5.95 |
| Geography | 0 | 2 | 2 | 0 | 10 | 40 | 48.50 | 1 | 2 | 16.37 | 26.19 |
| Literature - European | 0 | 1 | 0 | 0 | 10 | 95 | 95.00 | 0 | 0 | 1.49 | 3.57 |
| Fine Arts - Other | 0 | 0 | 1 | 0 | -5 | 0.00 | 0 | 0 | 0.00 | 0.00 | |
| Literature - World | 0 | 0 | 1 | 0 | -5 | 0.00 | 0 | 0 | 0.00 | 0.00 | |
| Literature - American | 0 | 0 | 1 | 0 | -5 | 0.00 | 0 | 0 | 0.00 | 0.00 |